Word Ladder: With the Beatles Quiz Stats

 Plays Quiz Updated May 26, 2015

Also try: Word Ladder: Help!
Challenge
Share
Tweet
Embed
Score 0/21 Timer 03:00
1 Play Today
Clue 4-Letter Word % Correct
Doorbell sound, ding ____DONG
98.5%
♪ Money (That's What I ____) ♪♪ WANT ♪
97.5%
♪ ____ Bother Me ♪♪ DON'T ♪
97.4%
Fail to winLOSE
96.3%
♪ ____ Me Tight ♪♪ HOLD ♪
95.7%
Actor's partROLE
94%
♪ ____ over Beethoven ♪♪ ROLL ♪
93.9%
♪ It ____ Be [Rung 5] ♪♪ WON'T ♪
93.4%
Highway chargeTOLL
92.9%
Prepare for the cameraPOSE
92.3%
Flag carrierPOLE
92%
Clue 4-Letter Word % Correct
♪ Please Mister ____man ♪♪ POST ♪
91.6%
Single or soloLONE
91%
Golfer's aimHOLE
90.4%
♪ It [Rung 2] Be ____♪ LONG ♪
90.1%
Matthew Fox dramaLOST
89%
♪ ____ There Was You ♪♪ TILL ♪
88.9%
Roof pieceTILE
88.9%
♪ Not a Second ____♪ TIME ♪
87.3%
Residence or keyboard keyHOME
87.1%
Big bookTOME
85.2%

Today's Daily Dose

Missing Word
Orlando Bloom

Quick Pick
November Things

On This Day
November 15th II

You're not logged in!

Compare scores with friends on all Sporcle quizzes.
Join for Free
OR
Log In

You Might Also Like...

Show Comments

Extras

Top Quizzes Today


Score Distribution

Your Account Isn't Verified!

In order to create a playlist on Sporcle, you need to verify the email address you used during registration. Go to your Sporcle Settings to finish the process.

Report this User

Report this user for behavior that violates our Community Guidelines.

Details: